00720nam a22002297a 4500003000500000005001700005008004100022010000900063011001000072035000900082040000900091082002700100110005300127245003700180250001400217260005800231300001000289490004600299650003300345650002400378830008800402CHAP20230425130949.0971013c19921984 r 00010 d a9556 a10528 a9765 cCHAP a636.085bN38n 1984 v.1 aAcademia Nacional de Ciencias. Washington, D. C. aNutrient requirements of poultry a8 rev. ed aWashington :bNational Academy Press,c1992 (c. 1984) a71 p. aNutrient requirements of domestic animals14aAves de corralxNutrición.14aNutrición animal.0 aAnimal Nutrition Series (National Academies of Sciences, Engineering, and Medicine)